000 00937nam a22002537a 4500
005 20090922102328.0
008 090922t xxu||||| |||| 00| 0 eng d
010 _aB-358121
020 _a8178820676
_c200.00
035 _aB-358121
037 _bDBAD / PUB
040 _adpl
_bEnglish
082 _aN
100 _aDumas, Alexandre
245 _aThe three musketeers /
_cby Alexandre Dumas; edited & compiled by Reema Prashar; illustrated by Shankar Nayak
260 _aDelhi
_bSurinder Kumar & Sons
_c2007
270 _a30/21A-22A, Gali No. 9, Vishwas Nagar, Shahdra
_bDelhi
_e110032
300 _a176p.:
_bill.
_c22cm(Hb)
490 _aSliver bell children classics
700 _aPrashar, Reema
700 _aNayak, Shankar
942 _2ddc
_cCH
_hN
_mDUM
999 _c30524
_d30524